Литология: электронный курс

Bibliografske podrobnosti
Glavni avtor: Недоливко Н. М. Наталья Михайловна
Korporativna značnica: Национальный исследовательский Томский политехнический университет Инженерная школа природных ресурсов Отделение геологии
Izvleček:Заглавие с экрана
Электронный курс "Литология" создан для обучения студентов специальности 21.05.02 "Прикладная геология", формирующей у обучающихся готовность к использованию системы знаний в области геологии нефти и газа, гидрогеологии и рудной геологии для поисков и разведки месторождений полезных ископаемых осадочного генезиса и подземных вод. Курс разработан с целью формирования у студентов теоретических знаний по основным закономерностям литогенеза, приводящим к образованию полезных ископаемых осадочного происхождения; приобретения опыта лабораторных исследований осадочных пород, освоения практических навыков решения задач, связанных с научно-исследовательской и производственной деятельностью.
Доступ по логину и паролю
Jezik:ruščina
Izdano: Томск, TPU Moodle, 2020
Teme:
Online dostop:https://design.lms.tpu.ru/course/view.php?id=3234
Format: MixedMaterials Elektronski Knjiga
KOHA link:https://koha.lib.tpu.ru/cgi-bin/koha/opac-detail.pl?biblionumber=665944

MARC

LEADER 00000nlm0a2200000 4500
001 665944
005 20231219173404.0
035 |a (RuTPU)RU\TPU\network\37148 
035 |a RU\TPU\network\37147 
090 |a 665944 
100 |a 20211124d2020 m y0rusy50 ca 
101 0 |a rus 
102 |a RU 
105 |a a j 000zy 
135 |a jrcn ---uucaa 
181 0 |a i  
182 0 |a b 
200 1 |a Литология  |e электронный курс  |f Н. М. Недоливко  |g Национальный исследовательский Томский политехнический университет, Инженерная школа природных ресурсов, Отделение геологии 
203 |a Текст  |c электронный 
210 |a Томск  |c TPU Moodle  |d 2020 
300 |a Заглавие с экрана 
330 |a Электронный курс "Литология" создан для обучения студентов специальности 21.05.02 "Прикладная геология", формирующей у обучающихся готовность к использованию системы знаний в области геологии нефти и газа, гидрогеологии и рудной геологии для поисков и разведки месторождений полезных ископаемых осадочного генезиса и подземных вод. Курс разработан с целью формирования у студентов теоретических знаний по основным закономерностям литогенеза, приводящим к образованию полезных ископаемых осадочного происхождения; приобретения опыта лабораторных исследований осадочных пород, освоения практических навыков решения задач, связанных с научно-исследовательской и производственной деятельностью. 
333 |a Доступ по логину и паролю 
606 1 |a Литология  |2 stltpush  |3 (RuTPU)RU\TPU\subj\40434  |9 60283 
610 1 |a электронный ресурс 
610 1 |a труды учёных ТПУ 
610 1 |a электронное обучение 
610 1 |a электронные курсы ТПУ 
610 1 |a электронные учебные пособия 
610 1 |a учебные пособия 
610 1 |a дистанционное образование 
610 1 |a дистанционное обучение 
610 1 |a литогенез 
610 1 |a осадочные породы 
610 1 |a петрография 
610 1 |a фациальный анализ 
675 |a 552.5(075.8)  |v 3 
700 1 |a Недоливко  |b Н. М.  |c геолог  |c доцент Томского политехнического университета, кандидат геолого-минералогических наук  |f 1955-  |g Наталья Михайловна  |3 (RuTPU)RU\TPU\pers\26091  |9 11925 
712 0 2 |a Национальный исследовательский Томский политехнический университет  |b Инженерная школа природных ресурсов  |b Отделение геологии  |3 (RuTPU)RU\TPU\col\23542 
801 2 |a RU  |b 63413507  |c 20220606  |g RCR 
856 4 |u https://design.lms.tpu.ru/course/view.php?id=3234 
942 |c CF